Statistics for Destruction by picture

Click here to take the quiz!

General Stats

  • This quiz has been taken 35 times
  • The average score is 8 of 16

Answer Stats

Answer% Correct
2019 Notre Dame fire
88%
September 11 attacks
82%
Titanic sinking
82%
2004 Indian Ocean earthquake
79%
Great Fire of London
76%
Hurricane Katrina
74%
1883 Krakatoa eruption
56%
1906 San Francisco earthquake
53%
Great Fire of Rome
38%
Challenger disaster
32%
2019–20 Australian bushfire season
26%
2010 Haiti earthquake
24%
2011 Tohoku earthquake
21%
Buddhas of Bamiyan
18%
Tunguska Event
12%
Armero tragedy
3%

Score Distribution

Percentile by Number Answered

Percent of People with Each Score

Your Score History

You have not taken this quiz